000 00527nam a2200193Ia 4500
003 GCL
008 140319s9999 xx 000 0 ara d
040 _aGCL /
_cGCL
082 0 4 _aد
_b050
100 1 _aمحمد رشاد الطوبى
245 1 0 _aالفيتامينات (اقرا 41 ) /
_cمحمد رشاد الطوبى
700 1 _aمصطفى عبدالعزيز
300 _a138
490 _aاقرأ
_v0
650 0 4 _aالعقم
650 0 4 _aالتغذية
650 0 4 _aالفيتامينات
942 _2ddc
_cBK
999 _c48736
_d48736